| 000 | 00768nam a22002412 4500 | ||
|---|---|---|---|
| 001 | 0000005350 | ||
| 005 | 20151217152003.0 | ||
| 008 | 070612s xx 000 0 eng d | ||
| 020 |
_a1843340577 : _cKES 5,460 |
||
| 040 |
_aKABU _cKABU |
||
| 050 | 0 |
_aZ675 _b.U5L36 |
|
| 100 | 1 |
_aLangley, Anne. _@0000156613 |
|
| 245 | 1 | 4 |
_aThe Role of the academic librarian / _cAnne Langley, Edward Gray and K. T. L. Vaughan. |
| 260 |
_aOxford : _bChandos, _c2003. |
||
| 300 | _aix, 163 p. | ||
| 650 | 0 |
_aCollege librarians. _@0000156614 |
|
| 650 | 0 |
_aAcademic libraries _xAdministration. _@0000156615 |
|
| 700 | 1 |
_aGray, Edward. _@0000156616 |
|
| 700 | 1 |
_aVaughan, K. T. L. _@0000156617 |
|
| 908 | _a070612 | ||
| 950 | _@1 | ||
| 999 |
_c7019 _d7019 |
||